<?xml version="1.0" encoding="UTF-8"?>
<record
    xmlns:xsi="http://www.w3.org/2001/XMLSchema-instance"
    xsi:schemaLocation="http://www.loc.gov/MARC21/slim http://www.loc.gov/standards/marcxml/schema/MARC21slim.xsd"
    xmlns="http://www.loc.gov/MARC21/slim">

  <leader>04699nam0a22005171  4500</leader>
  <controlfield tag="001">RU\NLR\A1\7294</controlfield>
  <controlfield tag="005">20260407103906.0</controlfield>
  <datafield tag="035" ind1=" " ind2=" ">
    <subfield code="a">(NLR Aleph) 009673120</subfield>
  </datafield>
  <datafield tag="090" ind1=" " ind2=" ">
    <subfield code="a">9670902</subfield>
    <subfield code="c">9670902</subfield>
  </datafield>
  <datafield tag="100" ind1=" " ind2=" ">
    <subfield code="a">19970429d1778    m  y0rusy50      ca</subfield>
  </datafield>
  <datafield tag="101" ind1="0" ind2=" ">
    <subfield code="a">rus</subfield>
  </datafield>
  <datafield tag="102" ind1=" " ind2=" ">
    <subfield code="a">RU</subfield>
  </datafield>
  <datafield tag="135" ind1=" " ind2=" ">
    <subfield code="a">crcn 024anaba</subfield>
  </datafield>
  <datafield tag="140" ind1=" " ind2=" ">
    <subfield code="a">y   y            mayaa0000  </subfield>
  </datafield>
  <datafield tag="200" ind1="1" ind2=" ">
    <subfield code="a">&#x42E;&#x440;&#x438;&#x434;&#x438;&#x447;&#x435;&#x441;&#x43A;&#x43E;&#x435; &#x440;&#x430;&#x437;&#x441;&#x443;&#x436;&#x434;&#x435;&#x43D;&#x438;&#x435; &#x43E; &#x43F;&#x43E;&#x43B;&#x44C;&#x437;&#x435; &#x437;&#x43D;&#x430;&#x43D;&#x438;&#x44F; &#x43E;&#x442;&#x435;&#x447;&#x435;&#x441;&#x442;&#x432;&#x435;&#x43D;&#x43D;&#x430;&#x433;&#x43E; &#x437;&#x430;&#x43A;&#x43E;&#x43D;&#x43E;&#x438;&#x441;&#x43A;&#x443;&#x441;&#x441;&#x442;&#x432;&#x430;, &#x438; &#x43E; &#x43D;&#x430;&#x434;&#x43E;&#x431;&#x43D;&#x43E;&#x43C; &#x432;&#x43E;&#x437;&#x43E;&#x431;&#x43D;&#x43E;&#x432;&#x43B;&#x435;&#x43D;&#x438;&#x438; &#x43E;&#x43D;&#x430;&#x433;&#x43E; &#x432; &#x433;&#x43E;&#x441;&#x443;&#x434;&#x430;&#x440;&#x441;&#x442;&#x432;&#x435;&#x43D;&#x43D;&#x44B;&#x445; &#x432;&#x44B;&#x441;&#x43E;&#x43A;&#x43E;&#x43F;&#x43E;&#x43A;&#x440;&#x43E;&#x432;&#x438;&#x442;&#x435;&#x43B;&#x44C;&#x441;&#x442;&#x432;&#x443;&#x435;&#x43C;&#x44B;&#x445; &#x443;&#x447;&#x438;&#x43B;&#x438;&#x449;&#x430;&#x445;.</subfield>
    <subfield code="e">&#x41D;&#x430; &#x432;&#x44B;&#x441;&#x43E;&#x43A;&#x43E;&#x442;&#x43E;&#x440;&#x436;&#x435;&#x441;&#x442;&#x432;&#x435;&#x43D;&#x43D;&#x44B;&#x439; &#x434;&#x435;&#x43D;&#x44C; &#x440;&#x43E;&#x436;&#x434;&#x435;&#x43D;&#x438;&#x44F; &#x435;&#x44F; &#x438;&#x43C;&#x43F;&#x435;&#x440;&#x430;&#x442;&#x43E;&#x440;&#x441;&#x43A;&#x430;&#x433;&#x43E; &#x432;&#x435;&#x43B;&#x438;&#x447;&#x435;&#x441;&#x442;&#x432;&#x430;, &#x432;&#x441;&#x435;&#x43F;&#x440;&#x435;&#x441;&#x432;&#x435;&#x442;&#x43B;&#x435;&#x439;&#x448;&#x438;&#x44F;, &#x434;&#x435;&#x440;&#x436;&#x430;&#x432;&#x43D;&#x435;&#x439;&#x448;&#x438;&#x44F;, &#x432;&#x435;&#x43B;&#x438;&#x43A;&#x438;&#x44F; &#x433;&#x43E;&#x441;&#x443;&#x434;&#x430;&#x440;&#x44B;&#x43D;&#x438; &#x438;&#x43C;&#x43F;&#x435;&#x440;&#x430;&#x442;&#x440;&#x438;&#x446;&#x44B; &#x415;&#x43A;&#x430;&#x442;&#x435;&#x440;&#x438;&#x43D;&#x44B; &#x410;&#x43B;&#x435;&#x43A;&#x441;&#x435;&#x435;&#x432;&#x43D;&#x44B;, &#x441;&#x430;&#x43C;&#x43E;&#x434;&#x435;&#x440;&#x436;&#x438;&#x446;&#x44B; &#x432;&#x441;&#x435;&#x440;&#x43E;&#x441;&#x441;&#x438;&#x439;&#x441;&#x43A;&#x438;&#x44F;,</subfield>
    <subfield code="f">&#x433;&#x43E;&#x432;&#x43E;&#x440;&#x435;&#x43D;&#x43D;&#x43E;&#x435; &#x432; &#x442;&#x43E;&#x440;&#x436;&#x435;&#x441;&#x442;&#x432;&#x435;&#x43D;&#x43D;&#x43E;&#x43C; &#x418;&#x43C;&#x43F;&#x435;&#x440;&#x430;&#x442;&#x43E;&#x440;&#x441;&#x43A;&#x430;&#x433;&#x43E; &#x41C;&#x43E;&#x441;&#x43A;&#x43E;&#x432;&#x441;&#x43A;&#x430;&#x433;&#x43E; &#x443;&#x43D;&#x438;&#x432;&#x435;&#x440;&#x441;&#x438;&#x442;&#x435;&#x442;&#x430; &#x441;&#x43E;&#x431;&#x440;&#x430;&#x43D;&#x438;&#x438; &#x430;&#x43F;&#x440;&#x435;&#x43B;&#x44F; 22 &#x434;&#x43D;&#x44F;, 1778 &#x433;&#x43E;&#x434;&#x430;, &#x44E;&#x440;&#x438;&#x441;&#x43F;&#x440;&#x443;&#x434;&#x435;&#x43D;&#x446;&#x438;&#x438; &#x434;&#x43E;&#x43A;&#x442;&#x43E;&#x440;&#x43E;&#x43C; &#x438; &#x43F;&#x443;&#x431;&#x43B;&#x438;&#x447;&#x43D;&#x44B;&#x43C; &#x43E;&#x440;&#x434;&#x438;&#x43D;&#x430;&#x440;&#x43D;&#x44B;&#x43C; &#x43F;&#x440;&#x43E;&#x444;&#x435;&#x441;&#x441;&#x43E;&#x440;&#x43E;&#x43C; &#x421;&#x435;&#x43C;&#x435;&#x43D;&#x43E;&#x43C; &#x414;&#x435;&#x441;&#x43D;&#x438;&#x446;&#x43A;&#x438;&#x43C;</subfield>
  </datafield>
  <datafield tag="210" ind1=" " ind2=" ">
    <subfield code="a">[&#x41C;.]</subfield>
    <subfield code="c">&#x43F;&#x435;&#x447;&#x430;&#x442;&#x430;&#x43D;&#x43E; &#x43F;&#x440;&#x438; &#x423;&#x43D;&#x438;&#x432;&#x435;&#x440;&#x441;&#x438;&#x442;&#x435;&#x442;&#x441;&#x43A;&#x43E;&#x439; &#x442;&#x438;&#x43F;&#x43E;&#x433;&#x440;&#x430;&#x444;&#x438;&#x438;</subfield>
    <subfield code="d">[1778]</subfield>
  </datafield>
  <datafield tag="215" ind1=" " ind2=" ">
    <subfield code="a">42, [2] c.</subfield>
    <subfield code="d">4&#xB0;</subfield>
  </datafield>
  <datafield tag="305" ind1=" " ind2=" ">
    <subfield code="a">&#x418;&#x43C;&#x435;&#x435;&#x442;&#x441;&#x44F; &#x434;&#x432;&#x430; &#x432;&#x430;&#x440;. &#x441;.9-10, 41-42, &#x43E;&#x442;&#x43B;&#x438;&#x447;&#x430;&#x44E;&#x449;&#x438;&#x445;&#x441;&#x44F; &#x442;&#x435;&#x43A;&#x441;&#x442;&#x43E;&#x43C; &#x438; &#x43D;&#x430;&#x431;&#x43E;&#x440;&#x43E;&#x43C;. &#x412;&#x430;&#x440;. 1: &#x441;.9, &#x441;&#x442;&#x440;&#x43E;&#x43A;&#x438; 8-14 - "...&#x441;&#x438;&#x441;&#x442;&#x435;&#x43C;&#x435; &#x440;&#x43E;&#x441;&#x441;&#x438;&#x439;&#x441;&#x43A;&#x438;&#x445; &#x43F;&#x440;&#x430;&#x432;, &#x43F;&#x43E; &#x43E;&#x441;&#x43E;&#x431;&#x43B;&#x438;&#x432;&#x43E;&#x43C;&#x443; &#x436;&#x440;&#x435;&#x431;&#x438;&#x44E; &#x434;&#x43E;&#x441;&#x442;&#x430;&#x43B;&#x43E;&#x441;&#x44C; &#x431;&#x44B;&#x442;&#x44C; &#x441;&#x442;&#x43E;&#x43B;&#x44C;&#x43A;&#x43E; &#x43F;&#x440;&#x435;&#x43D;&#x435;&#x431;&#x440;&#x435;&#x436;&#x435;&#x43D;&#x43D;&#x43E;&#x439; &#x432; &#x443;&#x447;&#x435;&#x43D;&#x438;&#x438; &#x43E;&#x442; &#x432;&#x441;&#x435;&#x445;, &#x447;&#x442;&#x43E; &#x43E;&#x43D;&#x430; &#x438; &#x43F;&#x43E;&#x434;&#x43D;&#x435;&#x441;&#x44C; &#x43E;&#x441;&#x442;&#x430;&#x432;&#x448;&#x438;&#x441;&#x44C; &#x43D;&#x435;&#x441;&#x43E;&#x431;&#x440;&#x430;&#x43D;&#x43D;&#x43E;&#x44E;, &#x438; &#x43D;&#x435;&#x440;&#x430;&#x441;&#x43F;&#x43E;&#x43B;&#x43E;&#x436;&#x435;&#x43D;&#x43D;&#x43E;&#x44E;, &#x43D;&#x435; &#x441;&#x43E;&#x441;&#x442;&#x430;&#x432;&#x43B;&#x44F;&#x435;&#x442; &#x432; &#x441;&#x435;&#x431;&#x435; &#x43D;&#x438; &#x43A;&#x430;&#x43A;&#x43E;&#x439; &#x43E;&#x441;&#x43E;&#x431;&#x43B;&#x438;&#x432;&#x43E;&#x439; &#x43D;&#x430;&#x443;&#x43A;&#x438;..." &#x412;&#x430;&#x440;. 2: "...&#x440;&#x43E;&#x441;&#x441;&#x438;&#x439;&#x441;&#x43A;&#x43E;&#x435; &#x43F;&#x440;&#x430;&#x432;&#x43E; &#x43D;&#x435; &#x441;&#x43E;&#x441;&#x442;&#x430;&#x432;&#x43B;&#x44F;&#x435;&#x442; &#x432; &#x441;&#x435;&#x431;&#x435; &#x43D;&#x438; &#x43A;&#x430;&#x43A;&#x43E;&#x439; &#x43E;&#x441;&#x43E;&#x431;&#x43B;&#x438;&#x432;&#x43E;&#x439; &#x43D;&#x430;&#x443;&#x43A;&#x438;..." &#x412;&#x430;&#x440;. 1: &#x43D;&#x430; &#x441;.41 &#x43F;&#x440;&#x438;&#x43C;&#x435;&#x447;. &#x43E; &#x43D;&#x435;&#x43E;&#x431;&#x445;&#x43E;&#x434;&#x438;&#x43C;&#x43E;&#x441;&#x442;&#x438; &#x445;&#x43E;&#x440;&#x43E;&#x448;&#x435;&#x433;&#x43E; &#x43F;&#x440;&#x435;&#x43F;&#x43E;&#x434;&#x430;&#x432;&#x430;&#x442;&#x435;&#x43B;&#x44F; &#x43F;&#x43E; "&#x43F;&#x440;&#x430;&#x43A;&#x442;&#x438;&#x447;&#x435;&#x441;&#x43A;&#x43E;&#x43C;&#x443; &#x437;&#x430;&#x43A;&#x43E;&#x43D;&#x43E;&#x438;&#x441;&#x43A;&#x443;&#x441;&#x441;&#x442;&#x432;&#x443; &#x440;&#x43E;&#x441;&#x441;&#x438;&#x439;&#x441;&#x43A;&#x43E;&#x43C;&#x443;", &#x43A;&#x43E;&#x442;&#x43E;&#x440;&#x43E;&#x435; &#x43E;&#x442;&#x441;&#x443;&#x442;&#x441;&#x442;&#x432;&#x443;&#x435;&#x442; &#x432;&#x43E; 2-&#x43C; &#x432;&#x430;&#x440;.</subfield>
  </datafield>
  <datafield tag="316" ind1=" " ind2=" ">
    <subfield code="a">&#x42D;&#x43A;&#x437;. &#x420;&#x41D;&#x411; (18.94.1.151 &#x412;&#x430;&#x440;.2) &#x432; &#x441;&#x43E;&#x441;&#x442;&#x430;&#x432;&#x43D;&#x43E;&#x43C; &#x43A;&#x430;&#x440;&#x442;&#x43E;&#x43D;&#x43D;&#x43E;&#x43C; &#x43F;&#x435;&#x440;., &#x43E;&#x431;&#x442;&#x44F;&#x43D;&#x443;&#x442;&#x43E;&#x43C; &#x441;&#x438;&#x43D;&#x435;&#x439; &#x431;&#x443;&#x43C;&#x430;&#x433;&#x43E;&#x439;, &#x441; &#x43A;&#x43E;&#x440;&#x438;&#x447;&#x43D;&#x435;&#x432;&#x44B;&#x43C; &#x43B;&#x435;&#x434;&#x435;&#x440;&#x438;&#x43D;&#x43E;&#x432;&#x44B;&#x43C; &#x43A;&#x43E;&#x440;&#x435;&#x448;&#x43A;&#x43E;&#x43C; &#x438; &#x447;&#x435;&#x440;&#x43D;&#x44B;&#x43C;&#x438; &#x443;&#x433;&#x43E;&#x43B;&#x43A;&#x430;&#x43C;&#x438;. &#x41D;&#x430; &#x43D;&#x438;&#x436;&#x43D;&#x435;&#x439; &#x43A;&#x440;&#x44B;&#x448;&#x43A;&#x435; &#x43F;&#x435;&#x440;. &#x44D;&#x43A;&#x441;&#x43B;&#x438;&#x431;&#x440;&#x438;&#x441; &#x420;&#x443;&#x441;. &#x424;&#x43E;&#x43D;&#x434;&#x430; &#x413;&#x41F;&#x411; &#x441; &#x448;&#x438;&#x444;&#x440;&#x43E;&#x43C;. &#x41D;&#x430; &#x444;&#x43E;&#x440;&#x437;&#x430;&#x446;&#x435; &#x441;&#x442;&#x430;&#x440;&#x44B;&#x439; &#x44F;&#x440;&#x43B;&#x44B;&#x43A;. &#x41D;&#x430; &#x442;&#x438;&#x442;. &#x43B;., &#x441;.33 &#x438; [2] &#x43A;&#x440;&#x443;&#x433;&#x43B;&#x44B;&#x439; &#x448;&#x442;&#x430;&#x43C;&#x43F; &#x413;&#x41F;&#x411;. &#x420;&#x430;&#x437;&#x43C;&#x435;&#x440;: 24,5&#x445;19,6&#x445;1,2 &#x441;&#x43C;</subfield>
    <subfield code="5">NLR: 18.94.1.151 &#x412;&#x430;&#x440;.2</subfield>
  </datafield>
  <datafield tag="317" ind1=" " ind2=" ">
    <subfield code="a">&#x412; &#x44D;&#x43A;&#x437;. &#x420;&#x41D;&#x411; (18.94.1.151 &#x412;&#x430;&#x440;.2) &#x43D;&#x430; &#x444;&#x43E;&#x440;&#x437;&#x430;&#x446;&#x435; &#x44D;&#x43A;&#x441;&#x43B;&#x438;&#x431;&#x440;&#x438;&#x441; &#x42D;&#x440;&#x43C;&#x438;&#x442;&#x430;&#x436;&#x43D;&#x43E;&#x439; &#x431;-&#x43A;&#x438;. (&#x411;&#x43E;&#x433;&#x43E;&#x43C;&#x43E;&#x43B;&#x43E;&#x432; 17894).</subfield>
    <subfield code="5">NLR: 18.94.1.151 &#x412;&#x430;&#x440;.2</subfield>
  </datafield>
  <datafield tag="321" ind1="1" ind2=" ">
    <subfield code="a">&#x421;&#x41A; XVIII 1816</subfield>
  </datafield>
  <datafield tag="321" ind1="1" ind2=" ">
    <subfield code="a">&#x421;&#x41A; XVIII. &#x422;.3. &#x421;.486</subfield>
  </datafield>
  <datafield tag="325" ind1=" " ind2=" ">
    <subfield code="a">&#x41A;&#x43E;&#x43F;&#x438;&#x44F; &#x434;&#x43E;&#x441;&#x442;&#x443;&#x43F;&#x43D;&#x430; &#x432; &#x42D;&#x43B;&#x435;&#x43A;&#x442;&#x440;&#x43E;&#x43D;. &#x431;-&#x43A;&#x435; &#x420;&#x41D;&#x411;</subfield>
  </datafield>
  <datafield tag="518" ind1="1" ind2=" ">
    <subfield code="a">&#x42E;&#x440;&#x438;&#x434;&#x438;&#x447;&#x435;&#x441;&#x43A;&#x43E;&#x435; &#x440;&#x430;&#x441;&#x441;&#x443;&#x436;&#x434;&#x435;&#x43D;&#x438;&#x435; &#x43E; &#x43F;&#x43E;&#x43B;&#x44C;&#x437;&#x435; &#x437;&#x43D;&#x430;&#x43D;&#x438;&#x44F; &#x43E;&#x442;&#x435;&#x447;&#x435;&#x441;&#x442;&#x432;&#x435;&#x43D;&#x43D;&#x43E;&#x433;&#x43E; &#x437;&#x430;&#x43A;&#x43E;&#x43D;&#x43E;&#x438;&#x441;&#x43A;&#x443;&#x441;&#x441;&#x442;&#x432;&#x430;, &#x438; &#x43E; &#x43D;&#x430;&#x434;&#x43E;&#x431;&#x43D;&#x43E;&#x43C; &#x432;&#x43E;&#x437;&#x43E;&#x431;&#x43D;&#x43E;&#x432;&#x43B;&#x435;&#x43D;&#x438;&#x438; &#x43E;&#x43D;&#x43E;&#x433;&#x43E; &#x432; &#x433;&#x43E;&#x441;&#x443;&#x434;&#x430;&#x440;&#x441;&#x442;&#x432;&#x435;&#x43D;&#x43D;&#x44B;&#x445; &#x432;&#x44B;&#x441;&#x43E;&#x43A;&#x43E;&#x43F;&#x43E;&#x43A;&#x440;&#x43E;&#x432;&#x438;&#x442;&#x435;&#x43B;&#x44C;&#x441;&#x442;&#x432;&#x443;&#x435;&#x43C;&#x44B;&#x445; &#x443;&#x447;&#x438;&#x43B;&#x438;&#x449;&#x430;&#x445;</subfield>
  </datafield>
  <datafield tag="600" ind1=" " ind2="0">
    <subfield code="a">&#x415;&#x43A;&#x430;&#x442;&#x435;&#x440;&#x438;&#x43D;&#x430;</subfield>
    <subfield code="c">&#x438;&#x43C;&#x43F;&#x435;&#x440;&#x430;&#x442;&#x440;&#x438;&#x446;&#x430; &#x440;&#x43E;&#x441;&#x441;&#x438;&#x439;&#x441;&#x43A;&#x430;&#x44F;</subfield>
    <subfield code="d">II</subfield>
    <subfield code="f">1729 - 1796</subfield>
    <subfield code="9">1053825</subfield>
    <subfield code="3">RU\NLR\AUTH\66407813</subfield>
  </datafield>
  <datafield tag="620" ind1=" " ind2=" ">
    <subfield code="d">&#x41C;&#x43E;&#x441;&#x43A;&#x432;&#x430;</subfield>
  </datafield>
  <datafield tag="700" ind1=" " ind2="1">
    <subfield code="4">070</subfield>
    <subfield code="7">ca</subfield>
    <subfield code="8">rus</subfield>
    <subfield code="a">&#x414;&#x435;&#x441;&#x43D;&#x438;&#x446;&#x43A;&#x438;&#x439;</subfield>
    <subfield code="b">&#x421;. &#x415;.</subfield>
    <subfield code="f">&#x43E;&#x43A;. 1740-1789</subfield>
    <subfield code="g">&#x421;&#x435;&#x43C;&#x451;&#x43D; &#x415;&#x444;&#x438;&#x43C;&#x43E;&#x432;&#x438;&#x447;</subfield>
    <subfield code="9">194368</subfield>
    <subfield code="3">RU\NLR\AUTH\770194419</subfield>
  </datafield>
  <datafield tag="712" ind1="0" ind2="2">
    <subfield code="4">610</subfield>
    <subfield code="a">&#x41C;&#x43E;&#x441;&#x43A;&#x43E;&#x432;&#x441;&#x43A;&#x438;&#x439; &#x443;&#x43D;&#x438;&#x432;&#x435;&#x440;&#x441;&#x438;&#x442;&#x435;&#x442;</subfield>
    <subfield code="b">&#x422;&#x438;&#x43F;&#x43E;&#x433;&#x440;&#x430;&#x444;&#x438;&#x44F;</subfield>
    <subfield code="3">RU\NLR\AUTH\889932963</subfield>
    <subfield code="9">361140</subfield>
  </datafield>
  <datafield tag="801" ind1=" " ind2="0">
    <subfield code="a">RU</subfield>
    <subfield code="b">NLR</subfield>
    <subfield code="c">19970429</subfield>
  </datafield>
  <datafield tag="852" ind1=" " ind2=" ">
    <subfield code="a">NLR</subfield>
    <subfield code="j">18.94.1.151</subfield>
    <subfield code="y">&#x412;&#x430;&#x440;. 2</subfield>
  </datafield>
  <datafield tag="852" ind1=" " ind2=" ">
    <subfield code="a">NLR</subfield>
    <subfield code="b">&#x41C;&#x444;</subfield>
    <subfield code="j">&#x41A;1/559</subfield>
  </datafield>
  <datafield tag="856" ind1=" " ind2="0">
    <subfield code="u">http://vivaldi.nlr.ru/bx700000078/view</subfield>
  </datafield>
  <datafield tag="856" ind1=" " ind2="1">
    <subfield code="u">http://vivaldi.nlr.ru/bx700000078/cover</subfield>
  </datafield>
  <datafield tag="856" ind1=" " ind2="2">
    <subfield code="u">http://vivaldi.nlr.ru/bx700000078/text</subfield>
  </datafield>
  <datafield tag="899" ind1=" " ind2=" ">
    <subfield code="a">&#x41C;&#x413;&#x423;</subfield>
    <subfield code="y">&#x412;&#x430;&#x440;. 1</subfield>
  </datafield>
  <datafield tag="899" ind1=" " ind2=" ">
    <subfield code="a">&#x413;&#x41F;&#x418;&#x411;</subfield>
    <subfield code="y">&#x412;&#x430;&#x440;. 1, 2</subfield>
  </datafield>
  <datafield tag="899" ind1=" " ind2=" ">
    <subfield code="a">&#x41D;&#x413;&#x41E;&#x423;&#x41D;&#x411;</subfield>
  </datafield>
  <datafield tag="899" ind1=" " ind2=" ">
    <subfield code="a">&#x420;&#x413;&#x411;</subfield>
    <subfield code="y">&#x412;&#x430;&#x440;. 1, 2</subfield>
  </datafield>
  <datafield tag="942" ind1=" " ind2=" ">
    <subfield code="c">BOOK</subfield>
  </datafield>
  <datafield tag="980" ind1=" " ind2=" ">
    <subfield code="a">NB</subfield>
  </datafield>
  <datafield tag="980" ind1="9" ind2=" ">
    <subfield code="a">kprsl</subfield>
  </datafield>
  <datafield tag="980" ind1=" " ind2=" ">
    <subfield code="a">A1XVIIIv</subfield>
  </datafield>
  <datafield tag="981" ind1="2" ind2="0">
    <subfield code="a">(20) &#x41A;&#x43D;&#x438;&#x436;&#x43D;&#x44B;&#x435; &#x43F;&#x430;&#x43C;&#x44F;&#x442;&#x43D;&#x438;&#x43A;&#x438; &#x420;&#x41D;&#x411;</subfield>
    <subfield code="b">(20) &#x420;&#x443;&#x441;&#x441;&#x43A;&#x438;&#x439; &#x43A;&#x43D;&#x438;&#x436;&#x43D;&#x44B;&#x439; &#x444;&#x43E;&#x43D;&#x434;</subfield>
  </datafield>
  <datafield tag="995" ind1=" " ind2=" ">
    <subfield code="5">2016-05-13</subfield>
    <subfield code="b">NLR02</subfield>
    <subfield code="c">NLR02</subfield>
    <subfield code="e">RFS</subfield>
    <subfield code="f">9673120-10</subfield>
    <subfield code="k">18.94.1.151</subfield>
    <subfield code="o">0</subfield>
    <subfield code="r">BOOK</subfield>
    <subfield code="s">18941151_</subfield>
  </datafield>
  <datafield tag="995" ind1=" " ind2=" ">
    <subfield code="5">2025-05-06</subfield>
    <subfield code="b">NLR01</subfield>
    <subfield code="c">NLR01</subfield>
    <subfield code="e">FM</subfield>
    <subfield code="f">ERR-356017</subfield>
    <subfield code="k">&#x41C;&#x444; &#x41A;1/559</subfield>
    <subfield code="o">0</subfield>
    <subfield code="r">MFILM</subfield>
    <subfield code="s">_1559</subfield>
  </datafield>
</record>
